[Event "ENS Ulm -Sciences Po E&Y"]
[Site "La Defense"]
[Date "2012.06.03"]
[Round "7.2"]
[White "Lepot "]
[Black "Penning"]
[Result "1-0"]
[WhiteElo "2180"]
[BlackElo "1970"]
[PlyCount "58"]
[EventDate "2012.??.??"]

1. e4 c6 2. d4 d5 3. exd5 cxd5 4. c4 Nf6 5. Nc3 Nc6 6. Bg5 Be6 7. Nf3 g6 8.
Bxf6 exf6 9. c5 Bg4 10. Be2 Bg7 11. O-O O-O 12. h3 Bxf3 13. Bxf3 f5 14. Nxd5
Nxd4 15. Rb1 Nxf3+ 16. Qxf3 Qa5 17. b4 Qxa2 18. b5 Rfd8 19. Ne7+ Kf8 20. Qxb7
Bd4 21. Rbc1 Qb2 22. Nc6 Bxf2+ 23. Kh1 Re8 24. Nxa7 Bg3 25. b6 Rab8 26. Qf3 Be5
27. Nc6 Rbc8 28. Nxe5 Qxe5 29. b7 Rxc5 1-0

[Event " Sciences PO E&Y - ENS Ulm"]
[Site "La Defense"]
[Date "2012.06.03"]
[Round "7.3"]
[White "Ali Rached "]
[Black "Fageot "]
[Result "1/2-1/2"]
[WhiteElo "1890"]
[BlackElo "2080"]
[PlyCount "82"]
[EventDate "2012.??.??"]

1. d4 d5 2. c4 c6 3. Bf4 Qb6 4. Qd2 dxc4 5. e3 Nf6 6. Nc3 e6 7. a3 Be7 8. Bxc4
O-O 9. Nf3 Nbd7 10. O-O Nd5 11. Bg3 N7f6 12. Rfe1 Nxc3 13. bxc3 Ne4 14. Qc2
Nxg3 15. hxg3 c5 16. Ne5 Qc7 17. Bd3 g6 18. Qe2 Bf6 19. Ng4 Bg7 20. Qf3 Qe7 21.
Qf4 Rd8 22. Bc2 b6 23. Kh2 Bb7 24. Rh1 h5 25. Nh6+ Bxh6 26. Qxh6 Qf8 27. Qg5
Rd5 28. Qf4 cxd4 29. cxd4 Rc8 30. Be4 Rd7 31. g4 Bxe4 32. Qxe4 hxg4 33. Qxg4
Rdc7 34. Kg3 Qg7 35. Rh4 Rc4 36. Rah1 Kf8 37. Qg5 Kg8 38. Qg4 Kf8 39. Qg5 Kg8
40. Qg4 Kf8 41. Qf4 e5 1/2-1/2

[Event "ENS ulm - Sciences PO E&Y"]
[Site "La Defense"]
[Date "2012.06.03"]
[Round "7.4"]
[White "Vertechi "]
[Black "Coudrette "]
[Result "1-0"]
[WhiteElo "1880"]
[BlackElo "1860"]
[PlyCount "45"]
[EventDate "2012.??.??"]

1. d4 d5 2. c4 e5 3. dxe5 d4 4. Nf3 Nc6 5. g3 Bg4 6. Bg2 Nge7 7. O-O Qd7 8. Qb3
h5 9. e3 dxe3 10. Bxe3 O-O-O 11. Nc3 Qf5 12. Nd4 Rxd4 13. Bxd4 Bf3 14. Bxf3
Qxf3 15. Nb5 Nxd4 16. Nxd4 Qg4 17. Rad1 h4 18. Qf3 Qg6 19. Rd2 hxg3 20. fxg3
Qh6 21. Rfd1 Qb6 22. Kh1 Ng6 23. Qxf7 1-0